书目信息 |
| 题名: |
工程力学
|
|
| 作者: | 罗迎社 , 喻小明, 主编 | |
| 分册: | ||
| 出版信息: | 北京 北京大学出版社 2006.08 |
|
| 页数: | 298页 | |
| 开本: | 26cm | |
| 丛书名: | 21世纪全国应用型本科土木建筑系列实用规划教材 | |
| 单 册: | ||
| 中图分类: | TB12 | |
| 科图分类: | ||
| 主题词: | 工程力学--gong cheng li xue--高等学校--教材 | |
| 电子资源: | ||
| ISBN: | 7-301-10902-4 | |
| 000 | 01128nam 2200265 450 | |
| 001 | 012007836632 | |
| 005 | 20120408085854.34 | |
| 010 | @a7-301-10902-4@dCNY30.00 | |
| 100 | @a20070806d2006 km y0chiy0120 ea | |
| 101 | 0 | @achi |
| 102 | @aCN@b110000 | |
| 105 | @aa a 000yy | |
| 200 | 1 | @a工程力学@Agong cheng li xue@f罗迎社, 喻小明主编@Fluo ying she,yu xiao ming zhu bian |
| 210 | @a北京@c北京大学出版社@d2006.08 | |
| 215 | @a298页@c图@d26cm | |
| 225 | 2 | @a21世纪全国应用型本科土木建筑系列实用规划教材@A21 shi ji quan guo ying yong xing ben ke tu mu jian zhu xi lie shi yong gui hua jiao cai |
| 320 | @a有书目。 | |
| 330 | @a本教材拟满足高等工科院校土木、建筑、机械、材料加工、化工类等本科专业不同学科和不同学时的教学要求,内容覆盖广,章节布局及内容新颖,在充分吸收相关已出版教材优点的基础上,重点加强 "运动学与动力学"部分内容。 | |
| 410 | 0 | @12001 @a21世纪全国应用型本科土木建筑系列实用规划教材 |
| 606 | 0 | @a工程力学@Agong cheng li xue@x高等学校@j教材 |
| 690 | @aTB12@v4 | |
| 701 | 0 | @a罗迎社@Aluo ying she@4主编 |
| 701 | 0 | @a喻小明,@Ayu xiao ming@f1964- @4主编 |
| 801 | 0 | @aCN@c20071011 |
| 905 | @dTB12@eL976 | |
| 工程力学/罗迎社, 喻小明主编.-北京:北京大学出版社,2006.08 |
| 298页:图;26cm.-(21世纪全国应用型本科土木建筑系列实用规划教材) |
| ISBN 7-301-10902-4:CNY30.00 |
| 本教材拟满足高等工科院校土木、建筑、机械、材料加工、化工类等本科专业不同学科和不同学时的教学要求,内容覆盖广,章节布局及内容新颖,在充分吸收相关已出版教材优点的基础上,重点加强 "运动学与动力学"部分内容。 |
| ● |
| 相关链接 |
|
|
|
正题名:工程力学
索取号:TB12/L976
 
预约/预借
| 序号 | 登录号 | 条形码 | 馆藏地/架位号 | 状态 | 备注 |
| 1 | 253827 | 202538272 | 自科库501/501自科库 2排4列4层/ [索取号:TB12/L976] | 在馆 | |
| 2 | 253828 | 202538281 | 自科库501/501自科库 2排4列4层/ [索取号:TB12/L976] | 在馆 | |
| 3 | 253829 | 202538290 | 自科库501/501自科库 2排4列4层/ [索取号:TB12/L976] | 在馆 | |
| 4 | 485468 | 204854684 | 土木与交通工程学院资料室/ [索取号:TB12/L976] | 在馆 | |
| 5 | 485877 | 204858779 | 土木与交通工程学院资料室/ [索取号:TB12/L976] | 在馆 |